000 006870000a22002050004500
999 _c49201
_d49201
001 2051
003 CO-MdFUSB
005 20171003145355.0
008 171003b xxu||||| |||| 00| 0 eng d
020 _a1-55513-699-0
040 _cCO-MdBIC
082 0 4 _a868HC Er44s
100 1 _aErickson, Mary E
245 1 0 _aSeis lindos días : la maravillosa historia de la creación / Mary E. Erickson, iustraciones David Acquistapace y N.C. Gary
260 _aUSA : Cook Communications Ministries International
300 _a[20 P.]
505 0 0 _aTodas las citas de la Biblia fueron tomadas de la Santa Biblia nueva revisión-Reina Valera
650 1 4 _aHistorias bíblicas
942 _cLGB